[Event "Regional Sudeste 2011"]
[Site "Sao Paulo"]
[Date "2011.??.??"]
[Round "1.1"]
[White "Abdalla, Jose Lucas Aurelli"]
[Black "El Debs, Felipe De Cresce"]
[Result "0-1"]
[WhiteElo "2014"]
[BlackElo "2478"]
[PlyCount "77"]
[EventDate "2011.09.22"]

1. e4 c5 2. Nf3 e6 3. d3 Nc6 4. g3 d5 5. Nbd2 Bd6 6. Bg2 Nge7 7. O-O O-O 8. Nh4
Bc7 9. f4 f6 10. Ndf3 b6 11. Re1 a5 12. Bh3 a4 13. a3 b5 14. e5 f5 15. Re2 d4
16. Rg2 h5 17. Ng5 Qe8 18. c3 Nd5 19. Rc2 Bb7 20. Nhf3 dxc3 21. bxc3 Rd8 22.
Bf1 Bb6 23. Kg2 Na5 24. Kh3 Nb3 25. Rb1 Ba5 26. Bd2 g6 27. Qe1 Qe7 28. Be2 Rd7
29. Nh4 Kg7 30. Bf3 Rfd8 31. Qe2 Ba6 32. Be1 b4 33. Bxh5 Bxd3 34. Qf3 Bxc2 35.
Nxg6 Qe8 36. Nf8 Nxf4+ 37. gxf4 Rd3 38. Ngxe6+ Kg8 39. Bh4 0-1

[Event "Regional Sudeste 2011"]
[Site "Sao Paulo"]
[Date "2011.??.??"]
[Round "1.2"]
[White "Molina, Roberto Junio Brito"]
[Black "Dos Santos, Lucas Aparecido"]
[Result "1-0"]
[WhiteElo "2419"]
[BlackElo "1999"]
[PlyCount "43"]
[EventDate "2011.09.22"]

1. d4 Nf6 2. c4 g6 3. Nc3 Bg7 4. e4 d6 5. Nf3 O-O 6. Be2 c5 7. O-O cxd4 8. Nxd4
Nc6 9. Be3 Bd7 10. Rc1 Rc8 11. Qd2 Ne5 12. b3 a6 13. f3 Re8 14. Rfd1 Qa5 15.
Qb2 Nc6 16. Nxc6 bxc6 17. Qd2 c5 18. Bg5 Qb4 19. e5 Nh5 20. g4 Bxe5 21. gxh5
gxh5 22. Ne4 1-0

[Event "Regional Sudeste 2011"]
[Site "Sao Paulo"]
[Date "2011.??.??"]
[Round "1.3"]
[White "Sztokbant, Bernardo Vainzoff"]
[Black "Barbosa, Evandro Amorim"]
[Result "0-1"]
[WhiteElo "1979"]
[BlackElo "2383"]
[PlyCount "120"]
[EventDate "2011.09.22"]

1. e4 c5 2. Nf3 Nc6 3. d4 cxd4 4. Nxd4 e6 5. Nc3 Qc7 6. Ndb5 Qb8 7. Be3 Nf6 8.
Be2 a6 9. Nd4 Bb4 10. Nxc6 bxc6 11. Bf3 O-O 12. O-O d5 13. exd5 cxd5 14. Bg5
Bd6 15. g3 Be5 16. Rb1 Bb7 17. Re1 Nd7 18. Ne2 Qc7 19. c3 Nc5 20. Bg2 a5 21.
Bf1 Ba6 22. Nd4 Bxf1 23. Kxf1 Ne4 24. Be3 Rab8 25. Kg1 Qc4 26. a3 Rb7 27. f3
Nf6 28. a4 Bxd4 29. Bxd4 Nd7 30. b3 Qc7 31. f4 Nc5 32. b4 Ne4 33. bxa5 Rxb1 34.
Qxb1 Qxa5 35. Qb4 Qc7 36. Be5 Qa7+ 37. Bd4 Qa8 38. a5 Rb8 39. Bb6 Nd2 40. Ra1
Qa6 41. c4 Nxc4 42. Rb1 h6 43. Qb5 Qxb5 44. Rxb5 Nxa5 45. Rxa5 Rxb6 46. h4 h5
47. Kf2 Kh7 48. Ra8 Kg6 49. Rh8 Rb2+ 50. Kf3 Rb3+ 51. Kf2 f6 52. Kg2 e5 53.
fxe5 fxe5 54. Kf2 d4 55. Kg2 e4 56. Rd8 d3 57. Kf2 Rb2+ 58. Ke3 Re2+ 59. Kf4 d2
60. Rd6+ Kh7 0-1

[Event "Regional Sudeste 2011"]
[Site "Sao Paulo"]
[Date "2011.??.??"]
[Round "1.4"]
[White "Terao, Rodrigo Akira"]
[Black "Benitez, Ed Carlos Leite Luq"]
[Result "1-0"]
[WhiteElo "2358"]
[BlackElo "1974"]
[PlyCount "121"]
[EventDate "2011.09.22"]

1. e4 c5 2. Nc3 Nc6 3. g3 g6 4. Bg2 Bg7 5. d3 e6 6. f4 d6 7. Nf3 Nge7 8. O-O
O-O 9. Be3 Nd4 10. Qd2 f5 11. Nd1 Bd7 12. Nh4 d5 13. c3 Ndc6 14. Bxc5 dxe4 15.
dxe4 e5 16. exf5 gxf5 17. fxe5 Bxe5 18. Bxc6 bxc6 19. Qg5+ Ng6 20. Qxd8 Rfxd8
21. Nxf5 Be6 22. Nd4 Bd5 23. Ne3 Be4 24. Nc4 Rd5 25. b4 a5 26. a3 h5 27. Ne3
Rd7 28. Nc4 Bc7 29. Ne6 axb4 30. Nxc7 Rxc7 31. axb4 Rxa1 32. Rxa1 Bd3 33. Nd6
Re7 34. Rd1 Ne5 35. Nc4 Nf3+ 36. Kf2 Re2+ 37. Kxf3 Bxc4 38. Rd4 Ba6 39. Rd1 Kf7
40. Rd7+ Kg8 41. h4 Rc2 42. Bd4 Kf8 43. Kf4 Ke8 44. Rd6 Bb5 45. Rh6 Be2 46.
Rxc6 Kd7 47. Rh6 Rb2 48. Be5 Rb1 49. Ke3 Bg4 50. Kd4 Be2 51. Kc5 Rb2 52. Rd6+
Ke7 53. Bf6+ Kf7 54. Bd4 Ke7 55. Be3 Bf1 56. Bg5+ Ke8 57. Rd8+ Kf7 58. Rd2 Rb1
59. c4 Kg6 60. b5 Rc1 61. Rd6+ 1-0

[Event "Regional Sudeste 2011"]
[Site "Sao Paulo"]
[Date "2011.??.??"]
[Round "1.5"]
[White "Branchini, Fernando Luis Sakam"]
[Black "Tsuboi, Edson Kenji"]
[Result "1/2-1/2"]
[WhiteElo "1953"]
[BlackElo "2350"]
[PlyCount "101"]
[EventDate "2011.09.22"]

1. e4 c5 2. Nc3 Nc6 3. g3 g6 4. Bg2 Bg7 5. f4 d6 6. Nf3 e5 7. fxe5 Nxe5 8. Nxe5
Bxe5 9. d3 h5 10. Qe2 h4 11. Bf4 hxg3 12. Bxe5 dxe5 13. hxg3 Rxh1+ 14. Bxh1 Be6
15. Qf2 Qd4 16. Qxd4 cxd4 17. Ne2 Nf6 18. Bf3 Ke7 19. Kd2 Rc8 20. Rc1 Rc6 21.
c3 dxc3+ 22. Nxc3 a6 23. a3 Kd6 24. Ne2 Rxc1 25. Kxc1 Bh3 26. Kd2 b6 27. Ke3
Nd7 28. Nc3 Be6 29. b4 Nb8 30. Bd1 Nd7 31. d4 exd4+ 32. Kxd4 Ne5 33. Be2 Nc6+
34. Ke3 b5 35. Bd3 Ke5 36. Ne2 g5 37. Ng1 Nd4 38. Ne2 Nc6 39. Ng1 Bg4 40. Be2
Bxe2 41. Nxe2 a5 42. Nc3 axb4 43. axb4 Nd4 44. Kd3 g4 45. Nd1 Nc6 46. Ke3 Nxb4
47. Nf2 f5 48. exf5 Kxf5 49. Kd4 Nc6+ 50. Kc5 b4 51. Kc4 1/2-1/2

[Event "Regional Sudeste 2011"]
[Site "Sao Paulo"]
[Date "2011.??.??"]
[Round "1.6"]
[White "Santos, Marcus Vinicius Mor"]
[Black "Silva, Igor Dos Santos"]
[Result "1-0"]
[WhiteElo "2341"]
[BlackElo "1946"]
[PlyCount "65"]
[EventDate "2011.09.22"]

1. d4 b6 2. c4 Bb7 3. Nc3 e6 4. a3 f5 5. d5 e5 6. e4 Nf6 7. exf5 Bc5 8. Nf3 O-O
9. b4 Bd6 10. Be3 Qe7 11. Nb5 a5 12. Nxd6 Qxd6 13. bxa5 Rxa5 14. Qb3 Na6 15.
Be2 Ng4 16. Bd2 Nc5 17. Qb2 Raa8 18. h3 Nxf2 19. Kxf2 e4 20. Nd4 e3+ 21. Bxe3
Ne4+ 22. Kg1 Rae8 23. Bf3 Ng3 24. Bf2 Nxh1 25. Kxh1 Ba6 26. Qc2 Qf6 27. Rd1 c5
28. dxc6 dxc6 29. Bxc6 Rc8 30. Bd5+ Kh8 31. Qa4 Ra8 32. Bxa8 Rxa8 33. Ne6 1-0

[Event "Regional Sudeste 2011"]
[Site "Sao Paulo"]
[Date "2011.??.??"]
[Round "1.7"]
[White "Aoyama, Edmundo"]
[Black "Santiago, Yago De Moura"]
[Result "0-1"]
[WhiteElo "1925"]
[BlackElo "2314"]
[PlyCount "86"]
[EventDate "2011.09.22"]

1. Nf3 Nf6 2. g3 c5 3. Bg2 Nc6 4. O-O e5 5. c4 g6 6. Nc3 Bg7 7. d3 O-O 8. Ne1
d6 9. Nc2 Be6 10. Rb1 Rc8 11. a3 Qd7 12. b4 b6 13. a4 Bh3 14. b5 Bxg2 15. Kxg2
Ne7 16. Bg5 Nh5 17. Bxe7 Qxe7 18. Nd5 Qd8 19. e4 f5 20. f3 Bh6 21. Qe2 f4 22.
g4 Ng7 23. Rh1 Bg5 24. Qe1 Bh4 25. Qd2 Ne6 26. Kf1 Rf7 27. Ke2 Ng5 28. Ne1 Nh3
29. Ng2 Bf2 30. a5 h5 31. gxh5 gxh5 32. Rbf1 Bd4 33. Qe1 Rg7 34. Nh4 Bf2 35.
Rxf2 Qxh4 36. Rff1 Rg2+ 37. Kd1 Qxe1+ 38. Kxe1 Kf7 39. axb6 axb6 40. Nxb6 Rb8
41. Nd5 Ra8 42. Nc3 Ra1+ 43. Nd1 Ke6 0-1

[Event "Regional Sudeste 2011"]
[Site "Sao Paulo"]
[Date "2011.??.??"]
[Round "1.8"]
[White "Marra, Eduardo Da Costa"]
[Black "Costa, Giovanni"]
[Result "1/2-1/2"]
[WhiteElo "2293"]
[BlackElo "1898"]
[PlyCount "123"]
[EventDate "2011.09.22"]

1. Nf3 Nf6 2. c4 g6 3. Nc3 d5 4. Qa4+ c6 5. cxd5 Nxd5 6. g3 Bg7 7. Bg2 O-O 8.
O-O Nd7 9. d4 N7b6 10. Qc2 Bg4 11. Rd1 Nb4 12. Qb1 Qc8 13. Bg5 Qe6 14. a3 N4d5
15. e4 Nxc3 16. bxc3 h6 17. Bf4 Qc4 18. Rc1 Rac8 19. Nd2 Qa4 20. Qb4 Rfe8 21.
Nb3 e5 22. Be3 Bf8 23. Nc5 Bxc5 24. dxc5 Qxb4 25. axb4 Nc4 26. Bxh6 a6 27. Ra2
f6 28. Re1 Rcd8 29. Bf1 Be6 30. Rc2 Rd7 31. Bc1 Red8 32. Be2 Nd2 33. f3 Nb3 34.
Be3 a5 35. bxa5 Nxa5 36. Rb1 Bc4 37. Kf2 Bxe2 38. Kxe2 Nc4 39. Rb4 Na3 40. Rd2
Nb5 41. Rxd7 Rxd7 42. Bd2 Kf7 43. Ra4 Rd8 44. h4 Ke6 45. g4 Rh8 46. Be1 Rxh4
47. Bxh4 Nxc3+ 48. Kd3 Nxa4 49. Bf2 Kd7 50. Kc2 Kc7 51. Kb3 b5 52. cxb6+ Nxb6
53. Bc5 Nc8 54. Kb4 Nd6 55. Kc3 Kd7 56. Kd3 f5 57. exf5 gxf5 58. gxf5 Nxf5 59.
f4 exf4 60. Ke4 Ng7 61. Bf2 Ne6 62. Ke5 1/2-1/2

[Event "Regional Sudeste 2011"]
[Site "Sao Paulo"]
[Date "2011.??.??"]
[Round "1.9"]
[White "Poeta, Caio Medeiros"]
[Black "Brito, Luismar"]
[Result "1/2-1/2"]
[WhiteElo "1895"]
[BlackElo "2278"]
[PlyCount "77"]
[EventDate "2011.09.22"]

1. d4 Nf6 2. c4 e6 3. Nf3 b6 4. a3 Be7 5. Nc3 Bb7 6. Bf4 O-O 7. e3 Ne4 8. Nxe4
Bxe4 9. Bd3 f5 10. h4 Bd6 11. Bxd6 cxd6 12. Bxe4 fxe4 13. Ng5 Qf6 14. Nxe4 Qg6
15. Ng3 Nc6 16. O-O Ne7 17. Qh5 Qxh5 18. Nxh5 Nf5 19. g3 e5 20. g4 Nxh4 21. f4
exd4 22. Kh2 Rae8 23. exd4 Re3 24. Ng3 Nf3+ 25. Kg2 Nd2 26. Rfe1 Nxc4 27. Nf5
Ree8 28. b3 Nd2 29. Nxd6 Rxe1 30. Rxe1 Rxf4 31. Re8+ Rf8 32. Re7 g6 33. g5 Rf4
34. Re8+ Kg7 35. Re7+ Kf8 36. Re8+ Kg7 37. Re7+ Kg8 38. Re8+ Rf8 39. Re7
1/2-1/2

[Event "Regional Sudeste 2011"]
[Site "Sao Paulo"]
[Date "2011.??.??"]
[Round "1.11"]
[White "Caceres, Elton Carlos"]
[Black "Sega, Carlos Alberto"]
[Result "0-1"]
[WhiteElo "1830"]
[BlackElo "2261"]
[PlyCount "80"]
[EventDate "2011.09.22"]

1. e4 e5 2. g3 Nf6 3. Bg2 Nc6 4. Ne2 Bc5 5. O-O d6 6. h3 a6 7. c3 Ba7 8. Kh2 d5
9. exd5 Nxd5 10. d4 exd4 11. Nxd4 Nxd4 12. cxd4 O-O 13. Nc3 Be6 14. Nxd5 Bxd5
15. Bxd5 Qxd5 16. Be3 Rad8 17. Qg4 Rd7 18. Rfd1 c6 19. b3 Re8 20. Rd2 h5 21.
Qd1 h4 22. Qg1 Qf3 23. Qg2 hxg3+ 24. Kg1 gxf2+ 25. Bxf2 Qf4 26. Rad1 Re6 27.
Kh1 Rg6 28. Qxg6 fxg6 29. Kg2 Rd5 30. Rd3 Qe4+ 31. Kf1 Rf5 32. Kg1 Rg5+ 33. Kf1
Qg2+ 34. Ke1 Rf5 35. R1d2 c5 36. Rg3 Qh1+ 37. Ke2 cxd4 38. Kd3 Qf1+ 39. Kc2
Rc5+ 40. Kb2 Qc1# 0-1

[Event "Regional Sudeste 2011"]
[Site "Sao Paulo"]
[Date "2011.??.??"]
[Round "1.12"]
[White "Abdalla, Luiz Guilherme Aure"]
[Black "Cruz, Cesar Fernando Dos "]
[Result "1-0"]
[WhiteElo "2241"]
[BlackElo "1823"]
[PlyCount "53"]
[EventDate "2011.09.22"]

1. d4 Nf6 2. c4 g6 3. Nc3 Bg7 4. e4 d6 5. Nf3 O-O 6. Be2 Nbd7 7. O-O e5 8. Re1
Re8 9. Bf1 a6 10. h3 c6 11. Qc2 Qe7 12. Be3 Nf8 13. Rad1 Nh5 14. dxe5 dxe5 15.
Na4 Ne6 16. c5 h6 17. Rd6 Ng5 18. Nxg5 hxg5 19. Nb6 Rb8 20. Bc4 Kh7 21. Qd2 Nf4
22. Nxc8 Rexc8 23. Rd7 Qe8 24. Bxf7 Qf8 25. Rd1 Nh5 26. Bxg5 Qxc5 27. Be7 1-0

[Event "Regional Sudeste 2011"]
[Site "Sao Paulo"]
[Date "2011.??.??"]
[Round "1.13"]
[White "Cruz, Arquias Sofocles Gui"]
[Black "Madeira, Wagner Martins"]
[Result "0-1"]
[WhiteElo "1810"]
[BlackElo "2241"]
[PlyCount "104"]
[EventDate "2011.09.22"]

1. e4 e5 2. Nc3 Nf6 3. f4 d5 4. fxe5 Nxe4 5. Nf3 Be7 6. Qe2 Nxc3 7. dxc3 c5 8.
Bf4 Nc6 9. O-O-O Be6 10. h4 h6 11. g3 Qa5 12. Kb1 d4 13. c4 b5 14. Qe4 Rc8 15.
Nd2 Qa6 16. Bh3 Bxh3 17. Rxh3 bxc4 18. e6 O-O 19. exf7+ Rxf7 20. Qe6 c3 21. Nc4
Nb4 22. Qxa6 Nxa6 23. bxc3 dxc3 24. Ne5 Rf6 25. Nd7 Rf5 26. Re1 Bf8 27. Nxf8
Rcxf8 28. Bd6 Rd8 29. g4 Rf2 30. Be5 Rg2 31. g5 hxg5 32. hxg5 Rxg5 33. Bxc3
Rb8+ 34. Kc1 Nb4 35. Bxb4 Rxb4 36. Ra3 Rg2 37. Rc3 Rg5 38. Ra3 Rc4 39. Rd1 Rg2
40. Rd2 Rg1+ 41. Kb2 Rb4+ 42. Kc3 Rb7 43. Ra5 Rg5 44. Rd8+ Kh7 45. Ra8 Rg3+ 46.
Kc4 Rb2 47. c3 Rg4+ 48. Kd5 Rg5+ 49. Kc4 Rg4+ 50. Kd5 Rd2+ 51. Kxc5 Rg5+ 52.
Kb4 Rb2+ 0-1

[Event "Regional Sudeste 2011"]
[Site "Sao Paulo"]
[Date "2011.??.??"]
[Round "1.14"]
[White "Lebredo Zaragoitia, Gerardo"]
[Black "Medeiros, Thauane Ferreira"]
[Result "1/2-1/2"]
[WhiteElo "2240"]
[BlackElo "1808"]
[PlyCount "54"]
[EventDate "2011.09.22"]

1. d4 d5 2. c4 c6 3. Nc3 Nf6 4. e3 e6 5. a3 Bd6 6. Qc2 O-O 7. Nf3 Nbd7 8. Bd2
h6 9. Be2 dxc4 10. Bxc4 b5 11. Bd3 Bb7 12. O-O a6 13. b4 e5 14. Ne4 Nxe4 15.
Bxe4 Qe7 16. Bf5 Rfe8 17. Bc3 e4 18. Nd2 Nf6 19. Bb2 Bc8 20. Bxc8 Raxc8 21. f3
exf3 22. Rxf3 Ng4 23. Nf1 Qc7 24. e4 Nxh2 25. Nxh2 Bxh2+ 26. Kh1 Bf4 27. Raf1
Bg5 1/2-1/2

[Event "Regional Sudeste 2011"]
[Site "Sao Paulo"]
[Date "2011.??.??"]
[Round "1.15"]
[White "Correa, Ariane Miranda"]
[Black "Campelo, Leandro Fabricio"]
[Result "0-1"]
[WhiteElo "1795"]
[BlackElo "2230"]
[PlyCount "52"]
[EventDate "2011.09.22"]

1. e4 e6 2. d4 d5 3. Nc3 Bb4 4. e5 c5 5. a3 Bxc3+ 6. bxc3 Qc7 7. Nf3 Bd7 8. Bd3
Ba4 9. O-O Nd7 10. Ng5 Nh6 11. Qh5 Nf8 12. Ra2 c4 13. Bxh7 O-O-O 14. Nxe6 fxe6
15. Bg6 Nxg6 16. Qxg6 Qf7 17. Qg3 Nf5 18. Qf3 Qg6 19. Bf4 Rdf8 20. Bg3 Nxg3 21.
Qxg3 Qxg3 22. hxg3 Rh6 23. f4 Rfh8 24. g4 Rh1+ 25. Kf2 Rxf1+ 26. Kxf1 Rh4 0-1

[Event "Regional Sudeste 2011"]
[Site "Sao Paulo"]
[Date "2011.??.??"]
[Round "1.16"]
[White "Borges, Guilherme Deola"]
[Black "Ferreira, Jonas De Vargas"]
[Result "0-1"]
[WhiteElo "2176"]
[BlackElo "1794"]
[PlyCount "104"]
[EventDate "2011.09.22"]

1. c4 e6 2. Nc3 d5 3. d4 Nf6 4. cxd5 exd5 5. Bg5 c6 6. e3 Be7 7. Qc2 Nbd7 8.
Bd3 O-O 9. Nf3 Re8 10. O-O h6 11. Bf4 Nf8 12. Rab1 Bd6 13. Bxd6 Qxd6 14. b4 a6
15. a4 Bd7 16. Ne5 Ng4 17. Nxg4 Bxg4 18. b5 Bd7 19. bxa6 bxa6 20. Rb6 a5 21.
Rfb1 Be6 22. Nb5 Qe7 23. Rxc6 Rec8 24. Nc7 Rab8 25. Nxd5 Qg5 26. Nf4 Rxb1+ 27.
Qxb1 Rxc6 28. h4 Qd8 29. d5 Rb6 30. Qd1 Bc8 31. h5 Nd7 32. Qc2 Nf6 33. g3 Bb7
34. e4 Ba6 35. Bxa6 Rxa6 36. Qd3 Rb6 37. e5 Ng4 38. Qe2 Qg5 39. e6 fxe6 40.
dxe6 Nf6 41. Qd1 Rb8 42. Kg2 Qe5 43. Kh2 Qe4 44. f3 Rb2+ 45. Ng2 Qxe6 46. Qd8+
Kh7 47. Qd3+ Kg8 48. Qd8+ Kf7 49. Qc7+ Kf8 50. g4 Qe2 51. Qd6+ Kg8 52. Qd8+ Kh7
0-1

[Event "Regional Sudeste 2011"]
[Site "Sao Paulo"]
[Date "2011.??.??"]
[Round "1.17"]
[White "Severo Da Silva, Fernando Henrique"]
[Black "Gerbelli Neto, Eduardo"]
[Result "0-1"]
[WhiteElo "1788"]
[BlackElo "2175"]
[PlyCount "96"]
[EventDate "2011.09.22"]

1. e4 e5 2. Nf3 Nc6 3. Bb5 a6 4. Bxc6 dxc6 5. O-O Bg4 6. h3 Bh5 7. d3 Bd6 8.
Be3 Ne7 9. Nbd2 f6 10. c3 Bf7 11. d4 Ng6 12. dxe5 Nxe5 13. Nxe5 fxe5 14. f4
exf4 15. Bxf4 O-O 16. Qe2 Qe7 17. Bxd6 cxd6 18. b3 Rae8 19. Rae1 Qe5 20. Qd3
Bg6 21. Rxf8+ Rxf8 22. Nc4 Qf4 23. Rf1 Qxf1+ 24. Qxf1 Rxf1+ 25. Kxf1 Bxe4 26.
Nxd6 Bd3+ 27. Kf2 b5 28. Nb7 Kf8 29. b4 Ke7 30. Nc5 Bb1 31. Nxa6 Bxa2 32. Ke3
Kd6 33. Kd4 Bd5 34. g3 Bg2 35. h4 Ke6 36. Kc5 Kf5 37. Nb8 Kg4 38. Nxc6 Bf1 39.
c4 bxc4 40. Ne5+ Kxg3 41. Nxc4 Kxh4 42. b5 g5 43. b6 Bg2 44. Ne5 Ba8 45. Kd4 g4
46. Ke3 Kg3 47. Ke2 h5 48. Kf1 h4 0-1

[Event "Regional Sudeste 2011"]
[Site "Sao Paulo"]
[Date "2011.??.??"]
[Round "1.19"]
[White "Leite, Tarcisio Dantas Frot"]
[Black "Terao, Juliana Sayumi"]
[Result "0-1"]
[WhiteElo "1706"]
[BlackElo "2152"]
[PlyCount "134"]
[EventDate "2011.09.22"]

1. Nf3 c5 2. g3 d5 3. Bg2 Nf6 4. O-O Nc6 5. d3 g6 6. Nbd2 Bg7 7. a3 O-O 8. Rb1
a5 9. b3 Qc7 10. Bb2 Rd8 11. c4 d4 12. Qc2 h6 13. e3 dxe3 14. fxe3 Bf5 15. e4
Be6 16. Rbd1 Qd7 17. Nb1 Nd4 18. Nxd4 cxd4 19. Bc1 a4 20. b4 Rac8 21. Qe2 Ng4
22. Bf3 b5 23. c5 Ne3 24. Bxe3 dxe3 25. Kh1 Bb3 26. Qxe3 Bxd1 27. Rxd1 Qd4 28.
Qe2 Kf8 29. Qf1 Qe3 30. Bg4 Rc6 31. Qe2 Qxe2 32. Bxe2 Bd4 33. Nd2 Ke8 34. Rf1
f6 35. h4 h5 36. Kg2 Rc7 37. g4 hxg4 38. Bxg4 Bc3 39. Nb1 Be5 40. Rd1 Bd4 41.
Be6 Kf8 42. Kf3 Kg7 43. Ke2 Rh8 44. Rh1 Rh5 45. Rh3 f5 46. Nd2 Kf6 47. exf5
gxf5 48. Bd5 e6 49. Bf3 Rh8 50. h5 e5 51. Rg3 Rg7 52. Rxg7 Kxg7 53. c6 Rc8 54.
Nf1 Kf6 55. Ne3 Kg5 56. Bd5 Rc7 57. h6 Bb2 58. Nc2 Kxh6 59. Kf3 Kg5 60. Kg3 Kf6
61. Kf3 Ke7 62. Ke2 Kd6 63. Bg2 Rxc6 64. Bxc6 Kxc6 65. d4 Bxd4 66. Nxd4+ exd4
67. Kd2 f4 0-1

[Event "Regional Sudeste 2011"]
[Site "Sao Paulo"]
[Date "2011.??.??"]
[Round "1.20"]
[White "Fernandez, Maria Florencia"]
[Black "Brujin, Homero"]
[Result "1-0"]
[WhiteElo "2152"]
[BlackElo "1598"]
[PlyCount "51"]
[EventDate "2011.09.22"]

1. d4 d5 2. c4 e6 3. Nc3 c6 4. Nf3 Nf6 5. Bg5 Be7 6. e3 Nbd7 7. Bd3 O-O 8. O-O
b6 9. Rc1 Bb7 10. cxd5 exd5 11. Bb1 Re8 12. Qc2 Nf8 13. Ne5 g6 14. f4 Ne6 15.
Qf2 Nd7 16. Bxe7 Qxe7 17. f5 Nxe5 18. fxe6 Rf8 19. dxe5 fxe6 20. Qg3 Rxf1+ 21.
Rxf1 Qg7 22. Rf6 Rf8 23. Qg5 Rxf6 24. exf6 Qf7 25. Ne2 c5 26. Nf4 1-0

[Event "Regional Sudeste 2011"]
[Site "Sao Paulo"]
[Date "2011.??.??"]
[Round "1.21"]
[White "Alves, Sidney David"]
[Black "Mendonca, Mateus Nakajo"]
[Result "0-1"]
[WhiteElo "1534"]
[BlackElo "2146"]
[PlyCount "46"]
[EventDate "2011.09.22"]

1. d4 Nf6 2. c4 e6 3. Nf3 d5 4. g3 Be7 5. Bg2 O-O 6. Qc2 dxc4 7. Qxc4 a6 8. O-O
b5 9. Qc2 Bb7 10. Bf4 Nd5 11. Bd2 Nd7 12. Ne5 Nxe5 13. dxe5 c5 14. e4 Nb4 15.
Bxb4 cxb4 16. Rd1 Rc8 17. Qe2 Qc7 18. a3 Qxe5 19. axb4 Bxb4 20. Nc3 Bxc3 21.
bxc3 Rxc3 22. h4 h6 23. Kh2 Rfc8 0-1

[Event "Regional Sudeste 2011"]
[Site "Sao Paulo"]
[Date "2011.09.22"]
[Round "2.2"]
[White "Terao, Juliana Sayumi"]
[Black "Molina, Roberto Junio Brito"]
[Result "0-1"]
[WhiteElo "2152"]
[BlackElo "2419"]
[PlyCount "78"]
[EventDate "2011.09.22"]

1. e4 c6 2. d4 d5 3. exd5 cxd5 4. c4 Nf6 5. Nc3 e6 6. Nf3 Be7 7. cxd5 Nxd5 8.
Bd3 Nc6 9. O-O O-O 10. Re1 Nf6 11. a3 b6 12. h3 Bb7 13. Bc2 Ba6 14. b4 Bc4 15.
Be3 Rc8 16. Bb3 Bxb3 17. Qxb3 Qd6 18. Red1 Rfd8 19. Rac1 h6 20. Rc2 Bf8 21.
Rdc1 Ne7 22. Ne5 Qb8 23. b5 Nd7 24. Bf4 Nxe5 25. dxe5 Qb7 26. Qa4 Nf5 27. Ne2
Bc5 28. Bg3 Rd7 29. Qg4 Rcd8 30. Rc3 Rd2 31. R1c2 Rxc2 32. Rxc2 Qd5 33. Kh2 Qb3
34. Qc4 Qxc4 35. Rxc4 Rd2 36. Re4 Bxa3 37. Bf4 Rd7 38. g4 Ne7 39. Be3 Nd5 0-1

[Event "Regional Sudeste 2011"]
[Site "Sao Paulo"]
[Date "2011.09.22"]
[Round "2.3"]
[White "Barbosa, Evandro Amorim"]
[Black "Van Riemsdijk, Dirk D"]
[Result "1-0"]
[WhiteElo "2383"]
[BlackElo "2132"]
[PlyCount "57"]
[EventDate "2011.09.22"]

1. e4 Nf6 2. e5 Nd5 3. d4 d6 4. Nf3 g6 5. Bc4 Nb6 6. Bb3 Bg7 7. Ng5 e6 8. f4
Bd7 9. O-O O-O 10. c3 Qe7 11. Ne4 Na6 12. f5 exf5 13. Bg5 fxe4 14. Bxe7 dxe5
15. Bxf8 Rxf8 16. Nd2 e3 17. Nf3 exd4 18. cxd4 c5 19. Ne5 Bxe5 20. dxe5 Bb5 21.
Rxf7 e2 22. Rxf8+ Kxf8 23. Qd8+ Kg7 24. Qf6+ Kh6 25. Qf8+ Kh5 26. g4+ Kxg4 27.
Be6+ Kg5 28. h4+ Kh5 29. Qf4 1-0

[Event "Regional Sudeste 2011"]
[Site "Sao Paulo"]
[Date "2011.09.22"]
[Round "2.4"]
[White "Mendonca, Mateus Nakajo"]
[Black "Terao, Rodrigo Akira"]
[Result "1-0"]
[WhiteElo "2146"]
[BlackElo "2358"]
[PlyCount "143"]
[EventDate "2011.09.22"]

1. c4 e5 2. g3 Nc6 3. Bg2 g6 4. Nc3 Bg7 5. e4 d6 6. d3 Nge7 7. Nge2 O-O 8. O-O
h6 9. Rb1 a6 10. b4 f5 11. Nd5 fxe4 12. dxe4 Bg4 13. Be3 Qd7 14. f3 Be6 15. Qd2
b5 16. cxb5 axb5 17. Bxh6 Bxh6 18. Qxh6 Rxa2 19. Nec3 Rc2 20. Nxb5 Bxd5 21.
exd5 Nd8 22. Na3 Rc3 23. Ra1 Qa4 24. Qg5 Re8 25. Nc4 Qxb4 26. Nd2 Qd4+ 27. Rf2
Nf7 28. Qf6 Rc2 29. Rd1 Kf8 30. f4 Ng8 31. Qxg6 e4 32. Bxe4 Rxd2 33. Rdxd2 Qxe4
34. Qxe4 Rxe4 35. Rfe2 Rb4 36. Rb2 Ra4 37. Ra2 Rb4 38. Reb2 Rd4 39. Rd2 Rb4 40.
Rac2 Nf6 41. Rxc7 Rb5 42. Ra2 Nxd5 43. Rd7 Nf6 44. Rc7 Nd5 45. Rcc2 Ke7 46. Kf2
Kf6 47. Rab2 Ra5 48. Rb3 Nh6 49. Kf3 Nf5 50. Rd2 Nfe7 51. Rbd3 Ke6 52. g4 Ra4
53. f5+ Ke5 54. Re2+ Kf6 55. h4 Rf4+ 56. Kg3 Rf1 57. Rf3 Rg1+ 58. Rg2 Ra1 59.
g5+ Ke5 60. Re2+ Kd4 61. f6 Ng6 62. h5 Rg1+ 63. Rg2 Rxg2+ 64. Kxg2 Ndf4+ 65.
Kg3 Nxh5+ 66. Kg4 Nxf6+ 67. gxf6 Ne5+ 68. Kf5 Kc4 69. Re3 Nd7 70. Re7 Nxf6 71.
Kxf6 d5 72. Ke5 1-0

[Event "Regional Sudeste 2011"]
[Site "Sao Paulo"]
[Date "2011.09.22"]
[Round "2.5"]
[White "Gazola, Vanessa Ramos"]
[Black "Santos, Marcus Vinicius More"]
[Result "0-1"]
[WhiteElo "2054"]
[BlackElo "2341"]
[PlyCount "26"]
[EventDate "2011.09.22"]

1. d4 d5 2. c4 e6 3. Nc3 c5 4. cxd5 exd5 5. Nf3 Nc6 6. Bg5 f6 7. Bf4 g5 8. Be3
g4 9. Ng1 f5 10. Qd2 f4 11. Bxf4 cxd4 12. Bg5 dxc3 13. Qe3+ Be7 0-1

[Event "Regional Sudeste 2011"]
[Site "Sao Paulo"]
[Date "2011.09.22"]
[Round "2.6"]
[White "Santiago, Yago De Moura"]
[Black "Rezende, Guilherme Vilela"]
[Result "1-0"]
[WhiteElo "2314"]
[BlackElo "2060"]
[PlyCount "55"]
[EventDate "2011.09.22"]

1. e4 c5 2. Nf3 e6 3. d4 cxd4 4. Nxd4 a6 5. Bd3 Bc5 6. Nb3 Be7 7. Nc3 d6 8. f4
Nd7 9. Qf3 Ngf6 10. g4 h6 11. Be3 Qc7 12. h4 h5 13. g5 Ng4 14. O-O-O b5 15. g6
f6 16. Nd4 Nc5 17. Kb1 b4 18. Nce2 Bb7 19. Nb3 Nxd3 20. cxd3 e5 21. Ng3 a5 22.
Nf5 O-O 23. fxe5 fxe5 24. Bg5 Bd8 25. Rhg1 Qd7 26. Rdf1 Bxg5 27. hxg5 Rae8 28.
Qh3 1-0

[Event "Regional Sudeste 2011"]
[Site "Sao Paulo"]
[Date "2011.09.22"]
[Round "2.7"]
[White "Garkauskas, Otto Dmitry"]
[Black "Quintiliano Pinto, Renato R"]
[Result "0-1"]
[WhiteElo "2050"]
[BlackElo "2277"]
[PlyCount "76"]
[EventDate "2011.09.22"]

1. d4 d5 2. c4 e6 3. Nc3 c6 4. cxd5 exd5 5. Nf3 Bf5 6. Bg5 Be7 7. Bxe7 Qxe7 8.
e3 Nf6 9. Bd3 Bxd3 10. Qxd3 Nbd7 11. Rb1 a5 12. O-O Ne4 13. Nd2 f5 14. f3 Nxd2
15. Qxd2 O-O 16. Rfe1 b5 17. a4 b4 18. Ne2 Rae8 19. Ng3 Rf6 20. Rbc1 g6 21. Kf2
Re6 22. Re2 h5 23. Rce1 h4 24. Nf1 Qd6 25. Rd1 Nf6 26. Qd3 Nd7 27. b3 Kg7 28.
Rc2 f4 29. Qa6 fxe3+ 30. Ke2 Nf6 31. g3 Nh5 32. f4 Nxf4+ 33. gxf4 Qxf4 34. Re1
Qg4+ 35. Kd3 Qe4+ 36. Ke2 Qxc2+ 37. Kf3 Qf2+ 38. Kg4 Qf5+ 0-1

[Event "Regional Sudeste 2011"]
[Site "Sao Paulo"]
[Date "2011.09.22"]
[Round "2.8"]
[White "Sega, Carlos Alberto"]
[Black "Goncalves, Ivan Mesquita V"]
[Result "1/2-1/2"]
[WhiteElo "2261"]
[BlackElo "2052"]
[PlyCount "28"]
[EventDate "2011.09.22"]

1. c4 e6 2. g3 Nf6 3. Bg2 d5 4. Nf3 dxc4 5. Qc2 c6 6. Qxc4 b5 7. Qb3 Bb7 8. O-O
Nbd7 9. d4 a6 10. a4 c5 11. axb5 Bd5 12. Qc2 Be4 13. Qb3 Bd5 14. Qc2 Be4
1/2-1/2

[Event "Regional Sudeste 2011"]
[Site "Sao Paulo"]
[Date "2011.09.22"]
[Round "2.9"]
[White "Nunes, Allan Hurba"]
[Black "Abdalla, Luiz Guilherme Aurel"]
[Result "0-1"]
[WhiteElo "2021"]
[BlackElo "2241"]
[PlyCount "66"]
[EventDate "2011.09.22"]

1. Nf3 c5 2. e4 Nc6 3. Bb5 e6 4. Bxc6 bxc6 5. c4 Ne7 6. Nc3 Ng6 7. b3 e5 8. d3
Be7 9. g3 d6 10. Ng1 Nf8 11. Be3 Ne6 12. Qd2 Nd4 13. O-O-O O-O 14. f4 exf4 15.
Bxf4 Bf6 16. Nce2 Ne6 17. Be3 a5 18. a4 Rb8 19. Kc2 Nd4+ 20. Bxd4 cxd4 21. Nf3
Qb6 22. Rb1 Qc5 23. Rb2 Re8 24. Rhb1 Rb4 25. Nf4 g6 26. h4 Bg7 27. Nh2 Bd7 28.
g4 Rc8 29. Kd1 Qe5 30. Nf3 Bxg4 31. Ke2 Bh6 32. Nxg6 Bxf3+ 33. Kxf3 Qh5+ 0-1